Un breve estudio de los patrimonios protectores de los herederos y las personas discapacitadas en España y Argentina (Registro nro. 31842)

Detalles MARC
000 -LEADER
fixed length control field 00449 a2200121 4500
001 - CONTROL NUMBER
control field ART_50163
005 - DATE AND TIME OF LATEST TRANSACTION
control field 20260410162007.0
008 - FIXED-LENGTH DATA ELEMENTS--GENERAL INFORMATION
fixed length control field 260409a
100 1# - MAIN ENTRY--PERSONAL NAME
Personal name Morales Ferrer, Salvador
245 10 - TITLE STATEMENT
Title Un breve estudio de los patrimonios protectores de los herederos y las personas discapacitadas en España y Argentina
700 1# - ADDED ENTRY--PERSONAL NAME
Personal name Lencina, Marcelo A.
773 0# - HOST ITEM ENTRY
Title Temas de derecho civil
Related parts - Año 5, N° 11 (nov. 2019)
Record control number REV34778

No hay ítems disponibles.